Constraining the age of floodplain levels along the lower section of River Tisza, Hungary

During the Late Pelistocene-Holocene transition the fluvial landscape of the Great Hungarian Plain changed considerably as a consequence of tectonic, climatic and geomorphological factors. Geochronology, and especially luminescence dating, is a very important tool in reconstructing these changes. Th...

Teljes leírás

Elmentve itt :
Bibliográfiai részletek
Szerzők: Sipos György
Kiss Tímea
Tóth Orsolya
Dokumentumtípus: Cikk
Megjelent: 2016
Sorozat:Journal of environmental geography 9 No. 1-2
Kulcsszavak:Tisza - ártér - üledékvizsgálat
Tárgyszavak:
Online Access:http://acta.bibl.u-szeged.hu/44098
LEADER 02739nab a2200241 i 4500
001 acta44098
005 20220627155027.0
008 170426s2016 hu o 0|| eng d
022 |a 2060-467X 
040 |a SZTE Egyetemi Kiadványok Repozitórium  |b hun 
041 |a eng 
100 1 |a Sipos György 
245 1 0 |a Constraining the age of floodplain levels along the lower section of River Tisza, Hungary  |h [elektronikus dokumentum] /  |c  Sipos György 
260 |c 2016 
300 |a 39-44 
490 0 |a Journal of environmental geography  |v 9 No. 1-2 
520 3 |a During the Late Pelistocene-Holocene transition the fluvial landscape of the Great Hungarian Plain changed considerably as a consequence of tectonic, climatic and geomorphological factors. Geochronology, and especially luminescence dating, is a very important tool in reconstructing these changes. The present study focuses on the Lower-Tisza region and addresses the timing of the development of different floodplain levels. In the meantime the luminescence characteristics of the investigated alluvial sediments were also assessed, with a special emphasis on the comparison of silty fine grain and sandy coarse grain results, as in the given medium and low energy environment fine grain sediments are more abundant, however, based on the literature, coarse grain samples are more reliable in terms of luminescence dating. Measurements were performed on 12 samples originating from the point bars of two large palaeo-meanders, representing different floodplain levels along the river. Results indicate the applicability of both grain size fractions for dating purposes, though fine grain subsamples overestimate in average by 1.5 ka the ages yielded by coarse grain subsamples. Consequently, fine grain samples can be used for outlining only general trends, and results need to be controlled by coarse grain measurements where possible. Based on the ages received, the upper floodplain was actively formed until 13-15 ka, when incision and the development of an intermediate floodplain level started. The meander on the intermediate flood plain level developed then very actively until 9 ka. As indicated by the received age information the intensity of meander formation could be highly affected by climatic and especially vegetation control. However, reconstruction can be refi ned later by further sampling and the application of the results of the present paper. 
650 4 |a Természettudományok 
650 4 |a Föld- és kapcsolódó környezettudományok 
695 |a Tisza - ártér - üledékvizsgálat 
700 0 1 |a Kiss Tímea  |e aut 
700 0 1 |a Tóth Orsolya  |e aut 
856 4 0 |u http://acta.bibl.u-szeged.hu/44098/1/journal_geo_009_001_002_039-044.pdf  |z Dokumentum-elérés